[Event "Arber op 6th"]
[Site "Bodenmais"]
[Date "2017.08.06"]
[Round "9"]
[White "Bettman, Jan"]
[Black "Neumann, Lutz"]
[Result "1/2-1/2"]
[WhiteElo "1870"]
[BlackElo "1830"]
[PlyCount "105"]
[EventDate "2017.07.29"]
[EventType "swiss"]
[EventRounds "9"]
[EventCountry "GER"]
[SourceTitle "EXT 2018"]
[Source "ChessBase"]
[SourceDate "2017.10.13"]
[SourceVersion "1"]
[SourceVersionDate "2017.10.13"]
[SourceQuality "1"]

1. Nc3 e6 2. e4 d5 3. d4 dxe4 4. Nxe4 Nf6 5. Nxf6+ Qxf6 6. Nf3 h6 7. h4 Qd8 8. Bc4 c6 9. Ne5 Bd6 10. Rh3 Bxe5 11. dxe5 Qxd1+ 12. Kxd1 Nd7 13. f4 Nb6 14. Bb3 h5 15. Bd2 c5 16. Be3 c4 17. Bxb6 cxb3 18. axb3 a6 19. Rg3 g6 20. Rd3 Bd7 21. Ke1 Bc6 22. Rad1 0-0 23. g4 Kh7 24. R1d2 Rac8 25. Kf2 Be4 26. Rc3 Rxc3 27. bxc3 hxg4 28. Kg3 Bf3 29. Rd7 Kg7 30. c4 Rc8 31. c5 Kf8 32. b4 Ke8 33. Rd2 Ke7 34. c4 Ke8 35. h5 gxh5 36. Rh2 Kf8 37. Rxh5 Kg7 38. f5 exf5 39. Rxf5 Re8 40. b5 axb5 41. cxb5 Kf8 42. Bc7 Rc8 43. Bd6+ Ke8 44. Rf4 Ra8 45. c6 bxc6 46. b6 c5 47. Bxc5 Ra5 48. Bd4 Rb5 49. Rf6 Ke7 50. Kh4 Rd5 51. b7 Rb5 52. Bc5+ Ke8 53. Rb6 1/2-1/2

[Event "Arber op 6th"]
[Site "Bodenmais"]
[Date "2017.08.01"]
[Round "4"]
[White "Osthoff, Michael"]
[Black "Neumann, Lutz"]
[Result "1-0"]
[WhiteElo "2109"]
[BlackElo "1830"]
[PlyCount "61"]
[EventDate "2017.07.29"]
[EventType "swiss"]
[EventRounds "9"]
[EventCountry "GER"]
[SourceTitle "CBM 179 Extra"]
[Source "ChessBase"]
[SourceDate "2017.08.23"]
[SourceVersion "1"]
[SourceVersionDate "2017.08.23"]
[SourceQuality "1"]

1. d4 d5 2. Bf4 Nf6 3. e3 e6 4. Nf3 c5 5. Nbd2 Be7 6. c3 Qb6 7. Rb1 0-0 8. Bd3 Nc6 9. Ne5 Nd7 10. h4 f5 11. Qh5 Nf6 12. Qe2 Bd7 13. h5 Be8 14. g4 Ne4 15. f3 Nxd2 16. Qxd2 Nxe5 17. Bxe5 Bd6 18. Bxd6 Qxd6 19. f4 cxd4 20. cxd4 Bd7 21. Rg1 Kh8 22. g5 Qb6 23. Rc1 Rac8 24. Kf2 Rxc1 25. Rxc1 Rc8 26. Rxc8+ Bxc8 27. Qc3 Bd7 28. Qa3 Kg8 29. Qe7 Qc6 30. h6 gxh6 31. gxh6 1-0

[Event "Lueneburg op-A"]
[Site "Lueneburg"]
[Date "2016.07.05"]
[Round "6"]
[White "Schmieder, Kerstin"]
[Black "Neumann, Lutz"]
[Result "1/2-1/2"]
[WhiteElo "1654"]
[BlackElo "1863"]
[PlyCount "44"]
[EventDate "2016.07.01"]
[EventType "swiss"]
[EventRounds "9"]
[EventCountry "GER"]
[SourceTitle "CBM 173 Extra"]
[Source "ChessBase"]
[SourceDate "2016.08.29"]
[SourceVersion "1"]
[SourceVersionDate "2016.08.29"]
[SourceQuality "1"]

1. d4 d5 2. Nc3 Nf6 3. Bg5 e6 4. e4 dxe4 5. Bxf6 Qxf6 6. Nxe4 Qd8 7. Nf3 Nd7 8. Bd3 Be7 9. 0-0 0-0 10. c3 Nf6 11. Qe2 Nd5 12. Bc2 b6 13. Rad1 Bb7 14. Qd3 g6 15. Qd2 Kg7 16. a3 Nf6 17. Rfe1 Nxe4 18. Bxe4 Bxe4 19. Rxe4 Qd5 20. Qc2 Rad8 21. Ree1 Bf6 22. h3 Rfe8 1/2-1/2